African countries by rate of literacy - Statistics

General Stats
  • This quiz has been taken 35 times
  • The average score is 7 of 10
Answer Stats
Literacy Answer % Correct
94.3% South Africa
97%
90.6% Mauritius
88%
95.2% Seychelles
88%
88.5% Botswana
76%
91% Libya
74%
86.5% Zimbabwe
74%
87.6% Cabo Verde
71%
87.5% Swaziland
65%
95.3% Equatorial Guinea
59%
85.6% Burundi
44%
No matching quizzes found
Score Distribution
Percent of People with Each Score
Percentile by Number Answered
Your Score History
You have not taken this quiz